[Event "ROM-ch U16"]
[Site "Calimanesti Caciulata"]
[Date "2019.04.21"]
[Round "8"]
[White "Traila, Alexandru Irinel"]
[Black "Craciun, Alexandru Emilian"]
[Result "1/2-1/2"]
[WhiteElo "1988"]
[BlackElo "2136"]
[PlyCount "60"]
[EventDate "2019.04.15"]
[EventType "swiss"]
[EventRounds "9"]
[EventCountry "ROU"]
[SourceTitle "CBM 190 Extra"]
[Source "ChessBase"]
[SourceDate "2019.07.15"]
[SourceVersion "1"]
[SourceVersionDate "2019.07.15"]
[SourceQuality "1"]

1. d4 Nf6 2. c4 e6 3. Nf3 c5 4. d5 exd5 5. cxd5 d6 6. Nc3 g6 7. g3 Bg7 8. Bg2 0-0 9. 0-0 Na6 10. e4 Rb8 11. a4 Nb4 12. Nd2 b6 13. Nc4 Ne8 14. Re1 Ba6 15. Bf1 Nc7 16. Bf4 Bxc4 17. Bxc4 a6 18. Bf1 b5 19. Qd2 Rb6 20. axb5 Nxb5 21. Nxb5 axb5 22. Ra5 Qd7 23. Rea1 Rfb8 24. h4 Re8 25. f3 h5 26. Kh2 Kh7 27. Bh3 Qe7 28. Bf1 Qd7 29. Qc1 Reb8 30. Qd2 Qe8 1/2-1/2

[Event "ROM-ch U16"]
[Site "Calimanesti Caciulata"]
[Date "2019.04.18"]
[Round "5"]
[White "Paun, Paul Stelian"]
[Black "Traila, Alexandru Irinel"]
[Result "0-1"]
[WhiteElo "1394"]
[BlackElo "1988"]
[PlyCount "88"]
[EventDate "2019.04.15"]
[EventType "swiss"]
[EventRounds "9"]
[EventCountry "ROU"]
[SourceTitle "CBM 190 Extra"]
[Source "ChessBase"]
[SourceDate "2019.07.15"]
[SourceVersion "1"]
[SourceVersionDate "2019.07.15"]
[SourceQuality "1"]

1. e4 c5 2. Nf3 d6 3. Bc4 Nf6 4. Nc3 a6 5. a4 e6 6. Bb3 Be7 7. d3 d5 8. exd5 exd5 9. 0-0 Nc6 10. Re1 0-0 11. Bf4 Bg4 12. h3 Bxf3 13. Qxf3 Nd4 14. Qg3 Qd7 15. Be5 Nxb3 16. cxb3 Rfe8 17. Qf3 d4 18. Ne4 Nxe4 19. Rxe4 f6 20. Bg3 Bf8 21. Rae1 b5 22. Rxe8 Rxe8 23. Rxe8 Qxe8 24. Qb7 bxa4 25. Qxa6 axb3 26. Qc4+ Qf7 27. Qxf7+ Kxf7 28. Kf1 Ke6 29. Ke2 Kd5 30. Kd2 Bd6 31. Bxd6 Kxd6 32. Ke2 Kd5 33. Kd2 c4 34. dxc4+ Kxc4 35. h4 Kd5 36. Kd3 h5 37. f3 g5 38. hxg5 fxg5 39. g3 h4 40. gxh4 gxh4 41. f4 h3 42. f5 Ke5 43. f6 Kxf6 44. Kxd4 h2 0-1

[Event "ROM-ch U16"]
[Site "Calimanesti Caciulata"]
[Date "2019.04.17"]
[Round "4"]
[White "Traila, Alexandru Irinel"]
[Black "Isfan, Ioan Marius"]
[Result "0-1"]
[WhiteElo "1988"]
[BlackElo "2110"]
[PlyCount "92"]
[EventDate "2019.04.15"]
[EventType "swiss"]
[EventRounds "9"]
[EventCountry "ROU"]
[SourceTitle "CBM 190 Extra"]
[Source "ChessBase"]
[SourceDate "2019.07.15"]
[SourceVersion "1"]
[SourceVersionDate "2019.07.15"]
[SourceQuality "1"]

1. Nf3 d5 2. d4 c5 3. c3 Nf6 4. Bf4 Qb6 5. Qc2 Nc6 6. dxc5 Qxc5 7. Nbd2 g6 8. e3 Bg7 9. Rc1 Bf5 10. Bd3 Bxd3 11. Qxd3 Nh5 12. Bg3 Nxg3 13. hxg3 Rd8 14. 0-0 0-0 15. Qe2 Qa5 16. a3 Qb6 17. b4 e5 18. Nb3 e4 19. Nfd4 Ne5 20. Nc5 Qc7 21. Rc2 b6 22. Ncb3 h5 23. Rd1 Qd7 24. Qb5 Qg4 25. Qe2 Qg5 26. Nd2 h4 27. Nf1 Bf6 28. f4 exf3 29. Nxf3 Qh5 30. Nxe5 Qxe5 31. gxh4 Bxh4 32. c4 dxc4 33. Rxc4 Bg5 34. Rcd4 Rxd4 35. Rxd4 Kg7 36. Rd7 a6 37. Qf3 Qe6 38. Rd5 Bf6 39. Rd2 Bg5 40. Rd3 Rd8 41. Rxd8 Bxd8 42. Qe2 b5 43. Qb2+ Bf6 44. Qc2 Qc4 45. Qb1 Qc3 46. e4 Qxa3 0-1

[Event "ROM-ch U16"]
[Site "Calimanesti Caciulata"]
[Date "2019.04.15"]
[Round "1"]
[White "Antal, Andrei"]
[Black "Traila, Alexandru Irinel"]
[Result "0-1"]
[WhiteElo "1482"]
[BlackElo "1988"]
[PlyCount "66"]
[EventDate "2019.04.15"]
[EventType "swiss"]
[EventRounds "9"]
[EventCountry "ROU"]
[SourceTitle "CBM 190 Extra"]
[Source "ChessBase"]
[SourceDate "2019.07.15"]
[SourceVersion "1"]
[SourceVersionDate "2019.07.15"]
[SourceQuality "1"]

1. d4 Nf6 2. Bf4 g6 3. Nf3 Bg7 4. e3 c5 5. c3 cxd4 6. cxd4 d6 7. Nc3 a6 8. a4 0-0 9. Be2 Qb6 10. Qc2 Nc6 11. 0-0 Bd7 12. Nd2 e5 13. dxe5 dxe5 14. Bg3 Bf5 15. Qb3 Qxb3 16. Nxb3 Rfe8 17. f3 Bc2 18. Bd1 Bd3 19. Be2 Bxe2 20. Nxe2 e4 21. f4 Nd5 22. Bf2 Bxb2 23. Rab1 Ba3 24. Nbd4 Nxd4 25. Nxd4 Rab8 26. Rb3 Bc5 27. Nc2 b6 28. Rd1 Rbd8 29. Bh4 f6 30. Bf2 Nxf4 31. Rxd8 Rxd8 32. exf4 Rd1+ 33. Ne1 Rxe1# 0-1

[Event "ROM-ch U16"]
[Site "Calimanesti"]
[Date "2018.03.31"]
[Round "6"]
[White "Traila, Alexandru Irinel"]
[Black "Stoleriu, George"]
[Result "0-1"]
[WhiteElo "1812"]
[BlackElo "2337"]
[PlyCount "76"]
[EventDate "2018.03.27"]
[EventType "swiss"]
[EventRounds "9"]
[EventCountry "ROU"]
[SourceTitle "CBM 183 Extra"]
[Source "ChessBase"]
[SourceDate "2018.04.19"]
[SourceVersion "1"]
[SourceVersionDate "2018.04.19"]
[SourceQuality "1"]

1. e4 c6 2. d4 d5 3. e5 Bf5 4. h4 h5 5. Ne2 Bg4 6. Bf4 e6 7. f3 Bf5 8. Ng3 Bg6 9. c3 Be7 10. Ne2 Bxh4+ 11. g3 Bg5 12. Qd2 Bxf4 13. Qxf4 Rh6 14. Nd2 Nd7 15. Nb3 a5 16. a4 Qc7 17. Qe3 Qb6 18. Nec1 Kf8 19. Bd3 Bxd3 20. Qxd3 c5 21. dxc5 Qc7 22. f4 Nxc5 23. Nxc5 Qxc5 24. Qf3 g6 25. Ne2 Qb6 26. 0-0-0 Qb3 27. Rd4 Ne7 28. Rdd1 Qxa4 29. Nd4 Rc8 30. Qe2 Qc4 31. Qxc4 Rxc4 32. g4 Nc6 33. Nxc6 bxc6 34. Rd4 Rxd4 35. cxd4 Kg7 36. g5 Rh8 37. Rh3 Rb8 38. Rc3 Rb4 0-1

[Event "ROM-ch U16"]
[Site "Calimanesti"]
[Date "2018.03.29"]
[Round "4"]
[White "Paraschiv, Paul Alexandru"]
[Black "Traila, Alexandru Irinel"]
[Result "1/2-1/2"]
[WhiteElo "2129"]
[BlackElo "1812"]
[PlyCount "117"]
[EventDate "2018.03.27"]
[EventType "swiss"]
[EventRounds "9"]
[EventCountry "ROU"]
[SourceTitle "CBM 183 Extra"]
[Source "ChessBase"]
[SourceDate "2018.04.19"]
[SourceVersion "1"]
[SourceVersionDate "2018.04.19"]
[SourceQuality "1"]

1. d4 Nf6 2. Bf4 c5 3. c3 cxd4 4. cxd4 d6 5. Nc3 g6 6. Nf3 Bg7 7. e3 0-0 8. Be2 a6 9. 0-0 Nh5 10. Bg5 h6 11. Bh4 g5 12. Nd2 Nf6 13. Bg3 Nc6 14. Bf3 Nh7 15. Qb3 Kh8 16. Nc4 f5 17. h3 Nf6 18. Rac1 h5 19. Nb6 Rb8 20. Nxc8 Qxc8 21. Nd5 Qe8 22. Nxf6 Rxf6 23. Bxh5 Qxh5 24. Rxc6 f4 25. exf4 gxf4 26. Bh2 f3 27. Rfc1 Rbf8 28. Rc8 fxg2 29. Rxf8+ Rxf8 30. Qxb7 Qe2 31. Bg3 Bxd4 32. Qxg2 Bxf2+ 33. Kh1 Qe3 34. Rf1 Rg8 35. Bxf2 Qd3 36. Bd4+ Qxd4 37. Qf3 Qh4 38. Rg1 Rxg1+ 39. Kxg1 Qe1+ 40. Kh2 Qe5+ 41. Kh1 Qe1+ 42. Kh2 Qd2+ 43. Kh1 Qc1+ 44. Kg2 Qxb2+ 45. Kg3 Qe5+ 46. Kg2 Qg5+ 47. Kh2 Qd2+ 48. Kg3 Qg5+ 49. Kh2 Qe5+ 50. Kg2 Kg7 51. Qg4+ Kf7 52. Qc4+ d5 53. Qxa6 d4 54. Qc4+ e6 55. a4 Qe4+ 56. Kf1 Qf3+ 57. Ke1 d3 58. Qg4 Qe3+ 59. Kd1 1/2-1/2

[Event "ROM-ch U16"]
[Site "Calimanesti"]
[Date "2018.03.29"]
[Round "3"]
[White "Talu, Mircea"]
[Black "Traila, Alexandru Irinel"]
[Result "1/2-1/2"]
[WhiteElo "2034"]
[BlackElo "1812"]
[PlyCount "46"]
[EventDate "2018.03.27"]
[EventType "swiss"]
[EventRounds "9"]
[EventCountry "ROU"]
[SourceTitle "CBM 183 Extra"]
[Source "ChessBase"]
[SourceDate "2018.04.19"]
[SourceVersion "1"]
[SourceVersionDate "2018.04.19"]
[SourceQuality "1"]

1. d4 Nf6 2. c4 e6 3. Nc3 Bb4 4. Qc2 c5 5. Nf3 Nc6 6. e3 d5 7. a3 Bxc3+ 8. bxc3 cxd4 9. cxd4 dxc4 10. Bxc4 Bd7 11. 0-0 Rc8 12. Qe2 0-0 13. e4 h6 14. Bd3 e5 15. d5 Nd4 16. Nxd4 exd4 17. Bb2 Re8 18. Bxd4 Nxd5 19. Qf3 Ne7 20. Qg3 Ng6 21. e5 Bc6 22. Bb2 Nf8 23. Rad1 Qg5 1/2-1/2

[Event "ROM-ch U14"]
[Site "Calimanesti Caciulata"]
[Date "2016.04.25"]
[Round "9"]
[White "Traila, Alexandru Irinel"]
[Black "Toma, Mihai Iulian"]
[Result "1-0"]
[WhiteElo "1722"]
[BlackElo "1561"]
[PlyCount "91"]
[EventDate "2016.04.18"]
[EventType "swiss"]
[EventRounds "9"]
[EventCountry "ROU"]
[SourceTitle "CBM 172 Extra"]
[Source "ChessBase"]
[SourceDate "2016.06.21"]
[SourceVersion "1"]
[SourceVersionDate "2016.06.21"]
[SourceQuality "1"]

1. d4 d5 2. c4 e6 3. Nc3 Nf6 4. Bg5 Nbd7 5. e3 c6 6. Bd3 Qa5 7. Bxf6 Nxf6 8. Nf3 dxc4 9. Bxc4 Bb4 10. Rc1 Nd5 11. Qc2 Nxc3 12. bxc3 Bd6 13. Bd3 h6 14. 0-0 0-0 15. c4 Qh5 16. Be2 Qg6 17. Qxg6 fxg6 18. Nd2 Bd7 19. c5 Be7 20. Nc4 Rab8 21. Ne5 Be8 22. Bc4 Bf6 23. Bxe6+ Kh7 24. Nc4 Bf7 25. Bxf7 Rxf7 26. Rb1 Bd8 27. Ne5 Rc7 28. Rb3 b6 29. cxb6 axb6 30. Rfb1 Ra8 31. Rxb6 Rca7 32. Rxc6 Rxa2 33. Nxg6 Ra1 34. Rf1 Bf6 35. Nf4 Rxf1+ 36. Kxf1 Ra1+ 37. Ke2 Ra2+ 38. Kf3 Ra5 39. d5 Be5 40. d6 Bxf4 41. Kxf4 Rd5 42. e4 Rd1 43. e5 Kg6 44. d7+ Kf7 45. Rd6 g5+ 46. Kg3 1-0

[Event "ROM-ch U12"]
[Site "Calimanesti"]
[Date "2015.04.05"]
[Round "8"]
[White "Traila, Alexandru Irinel"]
[Black "Berechet, Stefan Mario"]
[Result "1-0"]
[WhiteElo "1720"]
[BlackElo "1553"]
[PlyCount "60"]
[EventDate "2015.03.30"]
[EventType "swiss"]
[EventRounds "9"]
[EventCountry "ROU"]
[SourceTitle "CBM 165 Extra"]
[Source "ChessBase"]
[SourceDate "2015.04.21"]
[SourceVersion "1"]
[SourceVersionDate "2015.04.21"]
[SourceQuality "1"]

1. d4 d5 2. c4 e6 3. Nc3 Nf6 4. Bg5 Be7 5. e3 0-0 6. Bd3 b6 7. Nf3 Bb7 8. Bxf6 Bxf6 9. h4 g6 10. h5 Bg7 11. Qe2 Nc6 12. a3 Na5 13. cxd5 Bxd5 14. Nxd5 exd5 15. b4 Nb7 16. Rc1 Nd6 17. hxg6 fxg6 18. Qa2 Nf5 19. Bxf5 Rxf5 20. Qc2 Rc8 21. Qa4 Rf7 22. Ke2 c6 23. Rxc6 Rxc6 24. Qxc6 Qc7 25. Rc1 Qd7 26. Qxd7 Rxd7 27. Rc6 Bf8 28. Ng5 Be7 29. Ne6 Kf7 30. Nf4 Bd8 1-0

[Event "ROM-ch U12"]
[Site "Calimanesti"]
[Date "2015.04.01"]
[Round "3"]
[White "Tabara, Andrei Cristian"]
[Black "Traila, Alexandru Irinel"]
[Result "1/2-1/2"]
[WhiteElo "1444"]
[BlackElo "1720"]
[PlyCount "55"]
[EventDate "2015.03.30"]
[EventType "swiss"]
[EventRounds "9"]
[EventCountry "ROU"]
[SourceTitle "CBM 165 Extra"]
[Source "ChessBase"]
[SourceDate "2015.04.21"]
[SourceVersion "1"]
[SourceVersionDate "2015.04.21"]
[SourceQuality "1"]

1. e4 c5 2. Nf3 Nc6 3. d4 cxd4 4. Nxd4 e6 5. Be3 Nf6 6. Nc3 Bb4 7. Nxc6 bxc6 8. Bg5 Be7 9. Bd3 Qa5 10. Bd2 Qd8 11. 0-0 d5 12. exd5 exd5 13. Ne2 0-0 14. Ng3 c5 15. b3 Be6 16. Qe2 Qc7 17. Rfe1 Bd6 18. Bg5 Nd7 19. Qd2 Rfe8 20. Rad1 Rac8 21. Bb5 Rb8 22. Bxd7 Qxd7 23. Bf4 Bxf4 24. Qxf4 Qb5 25. Nh5 Red8 26. Re3 Qb4 27. Qg5 g6 28. Rg3 1/2-1/2

[Event "ROM-ch U12"]
[Site "Calimanesti"]
[Date "2014.04.08"]
[Round "3"]
[White "Traila, Alexandru Irinel"]
[Black "Coticeru, Dragos Ionut"]
[Result "1/2-1/2"]
[WhiteElo "1663"]
[BlackElo "1604"]
[PlyCount "56"]
[EventDate "2014.04.06"]
[EventType "swiss"]
[EventRounds "9"]
[EventCountry "ROU"]
[SourceTitle "CBM 160 Extra"]
[Source "ChessBase"]
[SourceDate "2014.07.01"]
[SourceVersion "1"]
[SourceVersionDate "2014.07.01"]
[SourceQuality "1"]

1. d4 Nf6 2. Nf3 e6 3. c4 Bb4+ 4. Bd2 Qe7 5. a3 Bxd2+ 6. Nbxd2 b6 7. e4 Bb7 8. Bd3 d6 9. 0-0 Nbd7 10. Re1 0-0 11. b4 c5 12. Nb3 Rfd8 13. Qc2 h6 14. e5 dxe5 15. dxe5 Ne8 16. Be4 Bxe4 17. Rxe4 Rac8 18. Rd1 Nf8 19. Rxd8 Rxd8 20. bxc5 bxc5 21. Re1 Ng6 22. Qe4 Qc7 23. Nfd2 a5 24. Qe3 Rc8 25. Nc1 Qd7 26. Ncb3 Qc7 27. Nc1 Qd7 28. Ndb3 Qa4 1/2-1/2

[Event "ROM-ch U10"]
[Site "Calimanesti"]
[Date "2013.04.05"]
[Round "5"]
[White "Isfan, Ioan Marius"]
[Black "Traila, Alexandru Irinel"]
[Result "1/2-1/2"]
[WhiteElo "1438"]
[BlackElo "1643"]
[PlyCount "64"]
[EventDate "2013.04.02"]
[EventType "swiss"]
[EventRounds "9"]
[EventCountry "ROU"]
[SourceTitle "CBM 153 Extra"]
[Source "ChessBase"]
[SourceDate "2013.04.22"]
[SourceVersion "1"]
[SourceVersionDate "2013.04.22"]
[SourceQuality "1"]

1. c4 e5 2. Nc3 Nf6 3. Nf3 Nc6 4. g3 d5 5. cxd5 Nxd5 6. d4 exd4 7. Nxd4 Nxc3 8. bxc3 Nxd4 9. Qxd4 Qxd4 10. cxd4 Bb4+ 11. Bd2 Bxd2+ 12. Kxd2 Be6 13. Bg2 0-0-0 14. e3 Rhe8 15. a3 Bd5 16. Bxd5 Rxd5 17. Rhc1 f5 18. Rc4 c6 19. Rac1 g6 20. Rc5 Red8 21. Rxd5 Rxd5 22. f4 Kc7 23. a4 Ra5 24. Rc4 Kd6 25. Rb4 b5 26. axb5 Rxb5 27. Ra4 Rb2+ 28. Kc3 Rxh2 29. Rxa7 Rh3 30. Kd3 Kd5 31. Rd7+ Ke6 32. Rc7 Kd6 1/2-1/2

[Event "ROM-ch U10"]
[Site "Calimanesti"]
[Date "2013.04.03"]
[Round "2"]
[White "Traila, Alexandru Irinel"]
[Black "Stancu Filipescu, David"]
[Result "1/2-1/2"]
[WhiteElo "1643"]
[BlackElo "1379"]
[PlyCount "81"]
[EventDate "2013.04.02"]
[EventType "swiss"]
[EventRounds "9"]
[EventCountry "ROU"]
[SourceTitle "CBM 153 Extra"]
[Source "ChessBase"]
[SourceDate "2013.04.22"]
[SourceVersion "1"]
[SourceVersionDate "2013.04.22"]
[SourceQuality "1"]

1. d4 d5 2. c4 e6 3. e3 Nf6 4. Nc3 Be7 5. cxd5 exd5 6. Bd3 0-0 7. Nge2 Bg4 8. Qb3 Bxe2 9. Bxe2 b6 10. 0-0 c5 11. Bf3 c4 12. Qc2 Qd7 13. Nxd5 Nxd5 14. Qxc4 Rd8 15. Bxd5 Qxd5 16. Qxd5 Rxd5 17. Bd2 Rd8 18. Rac1 Na6 19. Rc2 Rac8 20. Rfc1 Rxc2 21. Rxc2 Kf8 22. a3 Ke8 23. Kf1 Kd7 24. Ke2 Rc8 25. Rxc8 Kxc8 26. Kd3 Kd7 27. Kc4 Nc7 28. a4 a6 29. e4 b5+ 30. axb5 axb5+ 31. Kd3 Kc6 32. d5+ Kb6 33. Bf4 Ne8 34. e5 Kc5 35. d6 Bd8 36. Ke4 f6 37. b4+ Kc6 38. Kf5 fxe5 39. Bxe5 Nxd6+ 40. Ke6 Nc4 41. Bxg7 1/2-1/2

[Event "ROM-ch U10"]
[Site "Calimanesti"]
[Date "2013.04.02"]
[Round "1"]
[White "Craciun, Alexandru Emilian"]
[Black "Traila, Alexandru Irinel"]
[Result "1/2-1/2"]
[WhiteElo "1461"]
[BlackElo "1643"]
[PlyCount "105"]
[EventDate "2013.04.02"]
[EventType "swiss"]
[EventRounds "9"]
[EventCountry "ROU"]
[SourceTitle "CBM 153 Extra"]
[Source "ChessBase"]
[SourceDate "2013.04.22"]
[SourceVersion "1"]
[SourceVersionDate "2013.04.22"]
[SourceQuality "1"]

1. e4 c6 2. d4 d5 3. e5 Bf5 4. h4 h6 5. g4 Bh7 6. e6 Qc8 7. exf7+ Kxf7 8. Nf3 Nd7 9. Bd3 Bxd3 10. Qxd3 e6 11. Bf4 Be7 12. h5 Qe8 13. Nbd2 Bf6 14. 0-0-0 c5 15. Ne5+ Bxe5 16. Bxe5 Ngf6 17. f4 Ke7 18. Bxf6+ gxf6 19. f5 e5 20. dxe5 Nxe5 21. Qxd5 Qc6 22. Qxc6 Nxc6 23. Nf3 Rhg8 24. Rhe1+ Kf8 25. Re6 Rxg4 26. Rxf6+ Kg7 27. Rg6+ Rxg6 28. fxg6 Rd8 29. Rxd8 Nxd8 30. Kd2 Nc6 31. Ke3 Nb4 32. c3 Nd5+ 33. Ke4 Nf6+ 34. Kf4 Nxh5+ 35. Kg4 Nf6+ 36. Kf5 b5 37. Nh4 Nd5 38. Ke5 Ne7 39. Nf5+ Nxf5 40. Kxf5 h5 41. Kg5 h4 42. Kxh4 Kxg6 43. Kg4 Kf6 44. Kf4 Ke6 45. Ke4 a5 46. b3 Kd6 47. c4 bxc4 48. bxc4 a4 49. a3 Ke6 50. Kf4 Kf6 51. Ke4 Ke6 52. Kf4 Kf6 53. Ke4 1/2-1/2